| 000 | 00318nam a2200097Ia 4500 | ||
|---|---|---|---|
| 008 | 160523s9999 xx 000 0 und d | ||
| 245 | _aIntegrated Waste Management - Volume II | ||
| 245 | _cEdited by Sunil Kumar | ||
| 260 | _c2011 | ||
| 856 | _uhttp://www.intechopen.com/books/editor/integrated-waste-management-volume-ii | ||
| 999 |
_c294901 _d294901 |
||